000 01205nam2a22002531 4500
001 RU\NLR\INFOCOMM7\5000050128
005 20250617035139.0
035 _a(NLR Aleph) 002426903
090 _a1957225
_c1957225
100 _a20040204d1972 |||y0rusy50 ca
101 0 _arus
102 _aRU
105 _ay ||||000|y
200 1 _aПодготовка железорудного сырья в Швеции
_fТ.Т. Бердышева и др.
210 _d1972
_aБ. м.
461 0 _1001RU\NLR\INFOCOMM7\5000049981
_12001#$aЧерная металлургия$eОбзор. информ.$hСерия 2$iОбогащение руд$fЦНИИ информ. и техн.-экон. исслед. чер. металлургии$v1972, Вып.№3
_91956789
_cМ.
_d1970-
_fЦНИИ информ. и техн.-экон. исслед. чер. металлургии
_hСерия 2
_iОбогащение руд
_oОбзор. информ.
_tЧерная металлургия
_x0135-5805
_v1972, Вып.№3
700 1 _aБердышева
_bТ.Т.
_4070
801 1 _aRU
_bInfoComm
_c20040204
801 0 _aRU
_bNLR
_gPSBO
852 _aNLR
_jП10/3640
942 _cISSUE
980 _aNB
980 _aRUSPER